<?xml version="1.0" encoding="UTF-8"?>
<record
    xmlns:xsi="http://www.w3.org/2001/XMLSchema-instance"
    xsi:schemaLocation="http://www.loc.gov/MARC21/slim http://www.loc.gov/standards/marcxml/schema/MARC21slim.xsd"
    xmlns="http://www.loc.gov/MARC21/slim">

  <leader>00994nam a2200301Ia 4500</leader>
  <controlfield tag="001">000823</controlfield>
  <controlfield tag="008">221003m1995    xx            000 0 spa d</controlfield>
  <datafield tag="035" ind1=" " ind2=" ">
    <subfield code="a">CENDO_12</subfield>
  </datafield>
  <datafield tag="041" ind1=" " ind2=" ">
    <subfield code="a">spa</subfield>
  </datafield>
  <datafield tag="100" ind1=" " ind2=" ">
    <subfield code="a">GARCIA DIAZ, Miguel &#xC1;ngel</subfield>
    <subfield code="9">65</subfield>
  </datafield>
  <datafield tag="245" ind1=" " ind2="0">
    <subfield code="a">Competitividad, pol&#xED;tica macroecon&#xF3;mica, cargas fiscales y parafiscales de las empresas /</subfield>
    <subfield code="c">Miguel &#xC1;ngel Garc&#xED;a D&#xED;az</subfield>
  </datafield>
  <datafield tag="260" ind1=" " ind2=" ">
    <subfield code="a">Madrid :</subfield>
    <subfield code="b">Gabinete T&#xE9;cnico Confederal,</subfield>
    <subfield code="c">1995</subfield>
  </datafield>
  <datafield tag="300" ind1=" " ind2=" ">
    <subfield code="a">48 h. : </subfield>
    <subfield code="b">il., tab.  ;</subfield>
    <subfield code="c"> 30 cm</subfield>
  </datafield>
  <datafield tag="490" ind1=" " ind2=" ">
    <subfield code="a">Documentos de trabajo ;</subfield>
    <subfield code="v">28</subfield>
  </datafield>
  <datafield tag="650" ind1=" " ind2=" ">
    <subfield code="a">POLITICA FISCAL</subfield>
    <subfield code="9">66</subfield>
  </datafield>
  <datafield tag="650" ind1=" " ind2=" ">
    <subfield code="a">EMPRESA</subfield>
    <subfield code="9">67</subfield>
  </datafield>
  <datafield tag="650" ind1=" " ind2=" ">
    <subfield code="a">POLITICA ECONOMICA</subfield>
    <subfield code="9">45</subfield>
  </datafield>
  <datafield tag="650" ind1=" " ind2="0">
    <subfield code="a">ACTITUD SINDICAL</subfield>
    <subfield code="9">61</subfield>
  </datafield>
  <datafield tag="710" ind1=" " ind2=" ">
    <subfield code="a">CCOO</subfield>
    <subfield code="b">Confederaci&#xF3;n Sindical</subfield>
    <subfield code="b">Gabinete T&#xE9;cnico</subfield>
    <subfield code="9">64</subfield>
  </datafield>
  <datafield tag="856" ind1=" " ind2=" ">
    <subfield code="z">PDF</subfield>
    <subfield code="u">http://docpublicos.ccoo.es/cendoc/000823CompetitividadPoliticaMacroeconomicaGabineteTecnico1995.pdf</subfield>
  </datafield>
  <datafield tag="901" ind1=" " ind2=" ">
    <subfield code="a">1</subfield>
  </datafield>
  <datafield tag="903" ind1=" " ind2=" ">
    <subfield code="a">NO</subfield>
  </datafield>
  <datafield tag="904" ind1=" " ind2=" ">
    <subfield code="a">000</subfield>
  </datafield>
  <datafield tag="953" ind1=" " ind2=" ">
    <subfield code="d">1995-06-09</subfield>
    <subfield code="y">DOCU_ELEC</subfield>
  </datafield>
  <datafield tag="999" ind1=" " ind2=" ">
    <subfield code="c">11</subfield>
    <subfield code="d">11</subfield>
  </datafield>
  <datafield tag="910" ind1=" " ind2=" ">
    <subfield code="a">1995</subfield>
  </datafield>
  <datafield tag="942" ind1=" " ind2=" ">
    <subfield code="c">DOCU_ELEC</subfield>
  </datafield>
  <datafield tag="952" ind1=" " ind2=" ">
    <subfield code="0">0</subfield>
    <subfield code="1">0</subfield>
    <subfield code="4">0</subfield>
    <subfield code="7">0</subfield>
    <subfield code="a">CENDO</subfield>
    <subfield code="b">CENDO</subfield>
    <subfield code="d">1995-06-09</subfield>
    <subfield code="l">0</subfield>
    <subfield code="p">CENDO_12</subfield>
    <subfield code="r">2022-10-05 00:00:00</subfield>
    <subfield code="w">2022-10-05</subfield>
    <subfield code="y">DOCU_ELEC</subfield>
  </datafield>
</record>
